La casa de la madrina (Registro nro. 11185)

Detalles MARC
000 -CABECERA
Longitud fija campo de control 00578nam a2200205 a 4500
003 - • IDENTIFICADOR DELl NÚMERO DE CONTROL
Identificador del número de control CO-ViMGA
008 - • CÓDIGOS DE INFORMACIÓN DE LONGITUD FIJA
Códigos de información de longitud fija 141112s2004 ck r 000 u spa d
040 ## - FUENTE DE LA CATALOGACIÓN
Centro catalogador de origen CO-ViMGA
Lengua de catalogación spa
Centro transcriptor CO-ViMGA
082 ## - • NÚMERO DE LA CLASIFICACIÓN DECIMAL DEWEY
Número de clasificación (R) BOJc
100 1# - • PUNTO DE ACCESO PRINCIPAL-NOMBRE DE PERSONA
Nombre de persona Bojunga, Lygia
245 10 - • TITULO PROPIAMENTE DICHO
Título La casa de la madrina
300 ## - • DESCRIPCIÓN FÍSICA
Extensión 208 p : il
490 ## - • MENCIÓN DE SERIE
Mención de serie Torre de papel azul
500 ## - • NOTA GENERAL
Nota general A partir de 9 años.
590 ## - NOTAS LOCALES
Nota local Forma de adquisición : compra proyecto 2005 1ej. - - Precio : 16.110
650 14 - • PUNTO DE ACCESO ADICIONAL DE MATERIA - TÉRMINO DE MATERIA
Término de materia o nombre geográfico como elemento inicial CUENTOS BRASILEÑOS
942 ## - ENTRADA DE ELEMENTOS AGREGADOS (KOHA)
Fuente de clasificaión o esquema Dewey Decimal Classification
Koha [por defecto] tipo de item LIbro
Existencias
Perdido Fuente de clasificación o esquema Estado Físico No para préstamo Forma de adquisición Localización permanente Localización actual Fecha adquisición Préstamos totales Signatura completa Código de barras Fecha última consulta Fecha del precio de reemplazo Tipo de item de Koha
  Dewey Decimal Classification     Sala General Biblioteca Barrio Emporio - Villavicencio Biblioteca Barrio Emporio - Villavicencio 08/01/2017   BOJc 31571 09/05/2017 09/05/2017 LIbro
  Dewey Decimal Classification     Sala General Biblioteca Barrio Emporio - Villavicencio Biblioteca Barrio Emporio - Villavicencio 08/01/2017   BOJc 31572 09/05/2017 09/05/2017 LIbro
  Dewey Decimal Classification     Sala Infantil Segundo Piso Biblioteca Pública Germán Arciniegas - Villavicencio Biblioteca Pública Germán Arciniegas - Villavicencio 08/01/2017   BOJc 032340 08/01/2017 08/01/2017 LIbro









Instituto Departamental de Cultura del Meta - Red Departamental de Bibliotecas Públicas del Meta.